00986nam a2200193 4500001000700000003000900007005001700016008004100033080002300074100003400097240002100131245038400152250002300536260005300559300005100612546003900663651004800702852004200750174548ES-MaACL20250709063227.0100505s1787 sp P |||| | spa d a27(469.112)"04/14"1 aFlórez, Enrique,d1702-177310aEspaña sagrada10aEspaña sagrada. nTomo XV, pLa provincia antigua de galicia en común, y de su metrópoli, la iglesia de Braga en particular b: theatro geographico historico de la Iglesia de España : origen, divisiones, y limites de todas sus Provincias, Antiguedad, Traslaciones, y estado antiguo y presente de sus Sillas, con varias Disertaciones criticas / csu autor Henrique Florez. aSegunda edición. aMadrid : ben la oficina de Pedro Marin, c1787. a[32], 516 p., [1] h. de grab. pleg. ; c20 cm. aTexto en latín entre p. 365-512. 4aBraga (Distrito)-xHistoria eclesiástica.4 aES-MaACLjR-1617-69 x C-16767-818